|
|
|
|
| LEADER |
00837nam a2200181 a 4500 |
| 008 |
100725s1993 bg 000 0 ben |
| 020 |
|
|
|a 9844590140
|
| 040 |
|
|
|a BD-DhAAL
|c BD-DhAAL
|d BD-DhAAL
|
| 082 |
0 |
0 |
|a 954.9205
|2 22
|
| 100 |
|
|
|a বদরুদ্দীন ওমর
|
| 245 |
1 |
0 |
|a নির্বাচিত রাজনৈতিক প্রবন্ধ ১ /
|c বদরুদ্দীন ওমর
|
| 260 |
|
|
|a ঢাকা :
|b সুর্বণ,
|c ১৯৯৩
|
| 300 |
|
|
|a ২৫৮ পৃ. ;
|c ২২ সে.মি.
|
| 541 |
1 |
|
|e 00020071
|
| 650 |
|
|
|a Bangladesh
|x Politics and government
|y 1971-
|
| 852 |
4 |
|
|a Ayesha Abed Library
|j General shelf.
|
| 999 |
|
|
|c 9481
|d 9481
|
| 952 |
|
|
|0 0
|1 0
|2 ddc
|4 0
|6 954_920500000000000_BAD_1993
|7 0
|9 12030
|a BRACUL
|b BRACUL
|c GEN
|d 2010-09-23
|l 1
|o 954.9205 BAD
|p 3010020071
|r 2017-03-19
|s 2017-03-12
|t 1
|w 2010-09-23
|y BK
|